000 01034cam a22002535a 4500
001 E148350
008 090908s2009 xxkao f 000 0 eng d
020 _a9781848061057
035 _a(Sirsi) u148350
041 0 _aeng
050 0 4 _a693.5 $2 18
100 1 _aDunster, Andrew
245 0 0 _aSilica fume in concrete
260 _aWatford
_bBRE
_c2009
300 _a12p.
_bcol.ill.
_c30cm.
490 0 _aBRE Information Paper
_vIP 5/09
505 2 _aWhat is silica fume? -- Uses and benefits of SF in concrete -- Practical considerations -- Environmental aspects associated with the use of SF in concrete -- Economics -- Key features of SF in concrete -- Conclusion -- Frequently asked questions
520 _aDiscusses the by-product silica fume and the benefits of its use as a supplement to cement. Includes case studies.
521 _aAdvanced
590 _aKA
651 4 _aUnited Kingdom
_y
690 _aBUILT ENVIRONMENT-BUILDING MATERIALS-CEMENTITIOUS, CONCRETE AND MINERAL BOUND MATERIALS-CONCRETE
942 _n0
999 _c110015
_d110015